000 00840nam a2200265Ia 4500
003 OSt
005 20221005083622.0
006 a|||||r|||| 00| 0
007 ta
008 221004b |||||||| |||| 00| 0 eng d
020 _a9788189917654 (hbk)
_c1450
024 _a98596
037 _b368, 22/12/2009, Eastern Book Linkers
_cTextual
040 _aCRL
_cCRL
_beng
041 _2eng
_aeng
082 _aSigma:f, P9
100 _aPoonia Virender
_9612693
245 0 _aResearch methodology and statictical method
260 _aNew Delhi
_bVishvabharti Publications India
_c2009
300 _a447p.
_ccm.
650 _aSOCIAL SCIENCES
700 _a Poonia Meenakshi
_9429491
942 _hSigma:f, P9
_cTEXL
_2cc
999 _c991295
_d991295